00571nam a22001697a 450000500170000001000150001702000270003203500140005903700130007308200110008610000220009724500580011926000400017727001090021730000250032650000500035120190722123721.0 aENG-126025 a9788178442129c1495.00 aEN-109557 bDBAD/PUB a300.72 aGautam, Vidyapati aMethodology of social research /cby Vidyapati Gautam aNew DelhibR.K. Pulblicationsc2018 a4806/24, Bharat Ram Road, Darya GanjbNew Delhie110002k011-23285167, 65185557minfo@kkpublications.com aviii,288p.c25cm(Hb) aIncludes bibliographical references and index